Generación de modelos de negocio: un manual para visionarios, revolucionarios y retadores
Gespeichert in:
| Hauptverfasser: | , |
|---|---|
| Format: | Buch |
| Sprache: | Spanisch |
| Veröffentlicht: |
Barcelona
Ediciones Deusto S. A
2016
|
| Ausgabe: | 16a. ed |
| Schlagworte: | |
| Tags: |
Tag hinzufügen
Keine Tags, Fügen Sie den ersten Tag hinzu!
|
MARC
| LEADER | 00000cam a2200000 a 4500 | ||
|---|---|---|---|
| 001 | UCC4183 | ||
| 003 | CL-VaPUC | ||
| 008 | 180713e20160000sp |||||||||||||||||spa|d | ||
| 020 | |a 9788423427994 | ||
| 082 | 0 | 4 | |a 658.404 |b OST |2 21 |
| 100 | |a Osterwalder, Alexander |e autor |9 866511 | ||
| 700 | 0 | |a Pigneur, Yves |e author |9 598314 | |
| 245 | 1 | 0 | |a Generación de modelos de negocio: un manual para visionarios, revolucionarios y retadores |
| 250 | |a 16a. ed | ||
| 300 | |a 278 p | ||
| 942 | |c BK | ||
| 945 | |d 20180713 16:22:00 |a dcastane | ||
| 260 | |a Barcelona |b Ediciones Deusto S. A |c 2016 | ||
| 650 | 0 | |a Modelos de negocio |9 565102 | |
| 650 | 0 | |a Negocios |9 262468 | |
| 650 | 0 | |a Toma de decisiones |9 257530 | |
| 583 | |a last modification |c 20180713 16:22:00 |k Rodrigo Vera | ||
| 999 | |c 371740 |d 371738 | ||
| 952 | |0 0 |1 0 |3 erb |4 0 |6 658_404000000000000_OST_2016 |7 0 |8 R |9 488874 |a BIBGIM |b BIBGIM |i 5480949 |o 658.404 OST 2016 |p 5480949 |r 2025-01-15 |w 2019-11-24 |y BK_R |z Catalogado en:20180713 |k COM | ||
| 952 | |0 0 |1 0 |3 erb |4 0 |6 658_404000000000000_OST_2016 |7 0 |8 R |9 488875 |a BIBGIM |b BIBGIM |i 5480930 |o 658.404 OST 2016 |p 5480930 |r 2025-01-15 |w 2019-11-24 |y BK_R |z Catalogado en:20180713 |k COM | ||
| 952 | |0 0 |1 0 |3 erb |4 0 |6 658_404000000000000_OST_2016 |7 0 |8 R |9 488876 |a BIBGIM |b BIBGIM |i 5480922 |l 1 |o 658.404 OST 2016 |p 5480922 |r 2025-01-15 |s 2024-04-22 |w 2019-11-24 |y BK_R |z Catalogado en:20180713 |k COM | ||
| 952 | |0 0 |1 0 |3 erb |4 0 |6 658_404000000000000_OST_2016 |7 0 |8 R |9 488877 |a BIBGIM |b BIBGIM |i 5480914 |o 658.404 OST 2016 |p 5480914 |r 2025-01-15 |w 2019-11-24 |y BK_R |z Catalogado en:20180713 |k COM | ||
| 952 | |0 0 |1 0 |3 erb |4 0 |6 658_404000000000000_OST_2016 |7 0 |8 R |9 488878 |a BIBGIM |b BIBGIM |i 5480906 |o 658.404 OST 2016 |p 5480906 |r 2025-01-15 |w 2019-11-24 |y BK_R |z Catalogado en:20180713 |k COM | ||